Aprendizaje y escolarización en poblaciones indígenas : retos de investigación y de práctica profesional (Record no. 115196)

MARC details
000 -CABECERA
campo de control de longitud fija 00652nab a2200205 a 4500
005 - FECHA Y HORA DE LA ÚLTIMA TRANSACCIÓN
campo de control 20220427115822.0
008 - ELEMENTOS DE LONGITUD FIJA--INFORMACIÓN GENERAL
campo de control de longitud fija 991125s1985 mx 000 0 spa u
035 ## - NÚMERO DE CONTROL DEL SISTEMA
Número de control de sistema UPN01000143049
100 1# - ASIENTO PRINCIPAL--NOMBRE PERSONAL
Nombre de persona Acle Tomasini, Guadalupe,
Fechas asociadas al nombre 1947-
9 (RLIN) 36014
222 ## - TÍTULO CLAVE
Título clave EDUCACION Y CIENCIA
245 ## - MENCIÓN DE TÍTULO
Título Aprendizaje y escolarización en poblaciones indígenas : retos de investigación y de práctica profesional
260 ## - PUBLICACIÓN, DISTRIBUCIÓN, ETC.
Lugar de publicación, distribución, etc. Mérida, México
300 ## - DESCRIPCIÓN FÍSICA
Extensión 11-25
362 0# - FECHAS DE PUBLICACIÓN Y/O DESIGNACIÓN SECUENCIAL
Fecha de publicación y/o designación secuencial 2004 Nueva época, vol. 8, no. 15, ene.-jun.
653 0# - TERMINO DE INDIZACION - NO CONTROLADO
Término no controlado INDIGENAS
653 0# - TERMINO DE INDIZACION - NO CONTROLADO
Término no controlado PSICOLOGO EDUCATIVO
653 0# - TERMINO DE INDIZACION - NO CONTROLADO
Término no controlado CONDUCTA
653 0# - TERMINO DE INDIZACION - NO CONTROLADO
Término no controlado PRACTICA PROFESIONAL
905 ## - TIPO DE MATERIAL
Tipo de material Articulo

No items available.